| 000 | 00443nam a2200157Ia 4500 | ||
|---|---|---|---|
| 999 |
_c5577 _d5577 |
||
| 003 | OSt | ||
| 005 | 20200116161527.0 | ||
| 008 | 190216s9999||||xx |||||||||||||| ||und|| | ||
| 040 | _coclc | ||
| 082 |
_a338 _bSAT/B |
||
| 100 |
_aSatyanarayana, G _91230 |
||
| 245 | 0 |
_aBusiness Economics / _cG Satyanarayana |
|
| 260 |
_bApollo Publishers, _c1999. _aMarkapur: |
||
| 300 | _a456p | ||
| 942 |
_cBK _2ddc _h338 _iSAT/B _k338 _mSAT/B |
||